| 000 | 00389nam a2200157Ia 4500 | ||
|---|---|---|---|
| 008 | 230917s9999||||xx |||||||||||||| ||und|| | ||
| 040 |
_e181620 _aMAIN |
||
| 041 | _aEnglish | ||
| 082 | _a005.43 S32O(8) | ||
| 100 | _aSilberschatz, Abraham | ||
| 245 | 0 | _aOperating system concepts | |
| 250 | _a8th ed. | ||
| 260 |
_aNew Delhi _bWiley-India _c2010 |
||
| 300 | _axx, 972 p. | ||
| 942 | _cBK | ||
| 999 |
_c157281 _d157281 |
||